00645nam a2200169 a 450000100100000000500170001000800410002704000250006808200160009310000310010924501050014026000430024530000280028870000280031695201140034499900170045800003380220200930070530.0110912s1878 sp r 000 0 spa d aDO-SdBNPbspacBNPHU axxxxbG984f1 aGutiérrez, Carlos95922310aFray Bartolomé de las Casas :bsus tiempos y su apostolado /ccon un prólogo de Emilio Castelar. aMadrid :bImprenta de Fortanet,c1878. axxxix, 460 p. ;c24 cm.1 aCastelar, Emilio959224 001050718RVaPDbPDcHDd2011-09-12iLF1l0oxxxx G984fp33802-10r2020-06-25w2020-06-25y1ZNo se presta c33293d33293